00293nam a2200109Ia 4500008004100000082001900041100001900060245005100079260002100130300000800151650002400159150301s1998 xx 000 0 und d a610.7368bC98G aGOLD, CAROL A. aCONTEMPORARY PSYCHIATRIC MENTAL HEALTH NURSING bFA. DAVIS.c1998 a705 aPSYCHIATRIC NURSING